Statistiques concernant Géographie européenne par lettre - C

Cliquez ici pour prendre le quiz!

Statistiques générales

  • Ce quiz a été pris 953 fois
  • Le résultat moyen est 14 sur 22

Statistiques - réponses

indicerépondre% Correct
Capitale du DanemarkCopenhague
99%
Ville du festival du filmCannes
97%
Île où est né NapoléonCorse
92%
Région de BarceloneCatalogne
87%
A rejoint l'UE en 2013Croatie
87%
La plus grande île grecqueCrète
82%
Terminus du tunnel sous la MancheCalais
81%
Île avec des factions grecques et turquesChypre
80%
Subdivision de la Suissecanton
78%
Capitale du pays de gallesCardiff
75%
Péninsule annexée par la RussieCrimée
73%
Ville universitaire en angleterreCambridge
71%
Région célèbre pour son vin mousseuxChampagne
71%
Ville et lac d'Italie du NordCôme
55%
Chaîne de montagnes entre l'Europe et l'AsieCaucase
51%
La plus grande ville du sud-ouest de l'IrlandeCork
44%
Chaîne de montagnes qui entoure la TransylvanieCarpates
40%
Les premiers jeux olympiques d'hiver ont eu lieu ici
en 1924
Chamonix
32%
Une grande maison de campagne française château
28%
Capitale d'un pays enclavéChișinău
27%
Les ferries pour Portsmouth et Bournemouth
partent d'ici
Cherbourg
25%
Comté celtique en angleterreCornouailles
16%

Distribution des résultats

Percentile par nombre de réponses

% des personnes avec chaque résultat

Votre développement - résultats

Vous n’avez pas pris ce quiz